000 00498nam a2200181Ia 4500
005 20250326124711.0
008 250326s9999 xx 000 0 und d
037 _aTextbook
040 _aFMSL
_beng
_cFMSL
041 _aeng
_2eng
084 _aX:89A K91
_qFMSL
100 _aCorke D K
_9126148
245 0 _aProduction control is management
_cCorke D K
260 _aLondon
_bLondon, Edward Arnold
_c1969
300 _a292p
942 _cTB
_hX:89A K91
999 _c1274813
_d1274813